01289cam a22003494a 4500952014300000999001500143001000900158003000400167005001700171008004100188010001700229020001800246020001500264035002400279040001800303042000800321050002400329082002200353100002600375245010300401250002700504260004100531300003100572490007100603500002000674650002700694700003200721700003000753830006900783906004500852942004200897 00102ddc40708MANAGEMENTaMESbMEScMANAGEMENTd2019-02-20g640.00l0o658.15 ROS/Fp37488r2019-02-20 00:00:00w2019-02-20yBKzGL54R1 c7944d794416125346OSt20200117115548.0100309s2010 maua 001 0 eng c a 2010291202 a9781259027628 a1259027627 a(OCoLC)ocn401147011 aCOOcCOOdDLC apcc00aHG4026b.R677 2010b00a658.15222bROS/F aRoss, Stephen A9122410aFundamentals of corporate finance /cStephen A. Ross, Randolph W. Westerfield, Bradford D. Jordan. a9th ed., alternate ed. aBoston :bMcGraw-Hill Irwin,cc2010. a882p:bcol. ill. ;c27 cm.1 aThe McGraw-Hill/Irwin series in finance, insurance and real estate aIncludes index. 0aCorporationsxFinance.1 aWesterfield, Randolph912461 aJordan, Bradford D.91247 0aMcGraw-Hill/Irwin series in finance, insurance, and real estate. a7bcbccpccadapd2encipf20gy-gencatlg 2ddccBKh658.15iROS/Fk658.15mROS/F